Infographics. Designing and visualizing data

Saved in:
Bibliografiske detaljer
Andre forfattere: Shaoqiang, Wang (Editor)
Format: Bog
Udgivet: Barcelona, España: Promopress, 2014.
Fag:
Tags: Tilføj Tag
Ingen Tags, Vær først til at tagge denne postø!

MARC

LEADER 00000nam a22000007a 4500
003 CL-VaPUC
005 20250321101926.0
008 250120t2014 ||||| |||| 00| 0 eng d
999 |c 446681  |d 446679 
020 |a 978-84-15967-24-8 
040 |c Pontificia Universidad Católica de Valparaíso 
082 7 |2 22  |a 302.23 SHA 2014 
100 1 |a Shaoqiang, Wang   |e editor  |9 895639 
245 |a Infographics.  |b Designing and visualizing data  
260 |a Barcelona, España:  |b Promopress,   |c 2014. 
300 |a 239 páginas :  |b ilustraciones.  
500 |a c.1-c.2. Instituto Arcos 8-1-2025. 
583 |c 20250120  |k Cristina María Rojas Aguilar 
650 |a Comunicación visual  |9 265349 
650 |a Comunicación   |x Métodos gráficos  |9 895640 
650 |a Artes gráficas  |9 265865 
942 |2 ddc  |c BK  |n 0 
952 |0 0  |1 0  |2 ddc  |4 0  |6 302_230000000000000_SHA_2014  |7 0  |8 A  |9 599595  |a BIBINC  |b BIBINC  |d 2025-01-20  |e Instituto Arcos  |i 5664603  |o 302.23 SHA 2014  |p 5664603  |r 2025-01-20  |t 1  |w 2025-01-20  |y BK  |k IFP 
952 |0 0  |1 0  |2 ddc  |4 0  |6 302_230000000000000_SHA_2014  |7 0  |8 A  |9 599596  |a BIBINC  |b BIBINC  |d 2025-01-20  |e Instituto Arcos  |i 5664604  |o 302.23 SHA 2014  |p 5664604  |r 2025-01-20  |t 2  |w 2025-01-20  |y BK  |k IFP